Statistics for MUNA - guess the song with no hints #3

Click here to take the quiz!

General Stats

  • This quiz has been taken 35 times
  • The average score is 77 of 165

Answer Stats

Answer% Correct
I
97%
a
90%
the
84%
so
71%
on
68%
We
61%
And
58%
and
58%
if
58%
it
58%
It
58%
what
58%
be
55%
In
55%
in
55%
is
55%
Is
55%
to
55%
but
48%
not)
48%
now?
48%
now
48%
us
45%
am
42%
it's
42%
last
42%
like
42%
time
42%
after
39%
After
39%
alright
35%
alright?
35%
going
35%
all
32%
down
32%
dream,
32%
feels
32%
happened
32%
night
32%
asking
29%
fight
29%
hold
29%
long
29%
long,
29%
much
29%
need
29%
something
29%
beauty
26%
big
26%
come
26%
comes
26%
connected,
26%
During
26%
faster
26%
felt
26%
for
26%
high
26%
leaves
26%
line
26%
lonely
26%
morning
26%
slow
26%
sunrise
26%
waiting
26%
(Even
23%

Score Distribution

Percentile by Number Answered

Percent of People with Each Score

Your Score History

You have not taken this quiz